Wyspy UE 2 - Statystyki

Ogólne statystyki
  • Ten quiz został rozwiązany 25 razy
  • Średni wynik to 5 z 10
Answers on the Grid
Answers color-coded by a green-red scale on the quiz's grid according to % correct below.
Gozo
Martynika
Gwadelupa
Zelandia
Eubea
Gotlandia
Lesbos
Rodos
Olandia
Bornholm
Kuba
Jamajka
Djerba
Sokotra
Tajwan
Wyspa Grahama Bella
Senja
Lewis and Harris
Spitsbergen
Nowa Zelandia
 
Statystyki odpowiedzi
Odpowiedź % Poprawnych
Bornholm
93%
Rodos
80%
Gotlandia
67%
Lesbos
67%
Olandia
67%
Eubea
40%
Martynika
40%
Zelandia
40%
Gozo
27%
Gwadelupa
20%
Nie znaleziono quizów pasujących do podanych kryteriów
Rozkład punktacji
Procent ludzi z każdym wynikiem
Percentyl według liczby udzielonych odpowiedzi
Twoja historia wyników
Nie rozwiązałeś tego quizu